| 000 | 01077nam a2200241Ia 4500 | ||
|---|---|---|---|
| 999 |
_c34509 _d34509 |
||
| 001 | 259 | ||
| 003 | GE_BSU | ||
| 005 | 20221226120901.0 | ||
| 008 | 181216s2008||||ge |||||||||||||| ||geo|| | ||
| 040 | _cGE_BSU | ||
| 041 | _ageo | ||
| 080 | _a34 ბ-89 | ||
| 100 |
_aბოჭორიშვილი, კობა _92239 |
||
| 245 |
_aპრაქტიკული სახელმძღვანელო იურისტებისათვის ოჯახში ძალადობის საკითხებზე / _cკობა ბოჭორიშვილი, შალვა დემეტრაძე, ლელა ცანავა. |
||
| 264 |
_aთბილისი, _c2008. |
||
| 300 | _a92 გვ. | ||
| 541 | _h4 ლ. | ||
| 653 | _aოჯახური ძალადობის საკითხები | ||
| 653 | _aსამართალი | ||
| 700 |
_aდემეტრაძე, შალვა _eავტორი _95984 |
||
| 700 |
_aცანავა, ლელა _e ავტორი _916585 |
||
| 942 |
_cBK _2udc |
||